000 00835cam a22003013a 4500
001 13728
003 PGUSA
005 20140828083308.0
008 041012s2004||||xxu|||||s|||||000 1 eng d
040 _aPGUSA
_beng
042 _adc
050 4 _aPR
100 1 _aWard, Humphry,
_cMrs,
_d1851-1920
245 1 0 _aMarcella
_h[electronic resource] /
_cHumphry, Ward
260 _bProject Gutenberg,
_c2004
506 _aPublic domain in the USA.
516 _aElectronic text
653 _aSocial classes -- Fiction
653 _aNurses -- Fiction
653 _aBildungsromans
653 _aEngland -- Fiction
653 _aYoung women -- Fiction
653 _aSocial problems -- Fiction
653 _aLove stories
830 0 _aProject Gutenberg
_v13728
856 4 0 _uhttp://www.gutenberg.org/ebooks/13728
942 _cEB
999 _c242983
_d242983